| 000 | 01027nam a2200265Ia 4500 | ||
|---|---|---|---|
| 003 | OSt | ||
| 005 | 20220923224325.0 | ||
| 006 | a|||||r|||| 00| 0 | ||
| 007 | ta | ||
| 008 | 220922b |||||||| |||| 00| 0 hin d | ||
| 024 | _a231,170 | ||
| 037 | _cTextual | ||
| 040 |
_aARTS _cARTS _bhin |
||
| 041 |
_2hin _ahin |
||
| 082 | _aO157xN08:g, 152M0 | ||
| 100 |
_aदासगुप्त, अलोकरंजन; शुक्ल, प्रयाग, अनु. _9167909 |
||
| 245 | 0 | _aबुद्धदेव बसु | |
| 246 | _aBuddhadev basu | ||
| 260 |
_aनयी दिल्ली _b साहित्य अकादमी _c1980 |
||
| 300 |
_a79पृ. _ccm. |
||
| 490 | _aभारतीय साहित्य के निर्माता | ||
| 650 |
_aबंगाली साहित्य _9156264 |
||
| 942 |
_hO157xN08:g, 152M0 _cTEXL _2CC |
||
| 999 |
_c370666 _d370666 |
||